Statistiques concernant Anagrammes de sous-préfectures françaises

Cliquez ici pour prendre le quiz!

Statistiques générales

  • Ce quiz a été pris 49 fois
  • Le résultat moyen est 37 sur 70

Statistiques - réponses

AnagrammesSous-préfecturesRégion% Correct
LesaAlesLanguedoc Roussillon
92%
MiserReimsChampagne Ardennes
92%
ClivaCalviCorse
87%
DanseSedanChampagne Ardennes
87%
PatAptPACA
82%
Bret'sBrestBretagne
82%
IdeDieRhône-Alpes
82%
RetinolLorientBretagne
82%
RectoCorteCorse
79%
DrapesPradesLanguedoc Roussillon
79%
AndinDinanBretagne
76%
LaçaisCalaisNord Pas de Calais
74%
GresasGrassePACA
74%
MiroRiomAuvergne
74%
SeulsUsselLimousin
74%
BiserezBeziersLanguedoc Roussillon
71%
SlocheLochesCentre Val de Loire
71%
EnterasSarteneCorse
71%
LaserArlesPACA
68%
DurexDreuxCentre Val de Loire
68%
DeloveLodeveLanguedoc Roussillon
68%
ReluLureBourgogne
68%
EmauxMeauxIle de France
68%
TisanesSaintesPoitou-Charentes
68%
ToluToulLorraine
68%
ForgeuseFougeresBretagne
63%
MeurtMuretMidi Pyrénées
63%
DroneRedonBretagne
63%
TerceCéretLanguedoc Roussillon
61%
NichonChinonCentre Val de Loire
61%
IséroisIssoireAuvergne
61%
SanglerLangresChampagne Ardennes
61%
ScellerasSarcellesIle de France
61%
EnvineVienneRhône-Alpes
61%
AunantNantuaRhône-Alpes
58%
EmbrouillâtRambouilletIle de France
53%
AudioDouaiNord Pas de Calais
50%
PetamesEtampesIle de France
50%
GoudronGourdonMidi Pyrénées
50%
LestâtesSélestatAlsace
50%
RevanchasAvranchesBasse Normandie
47%
BayleBlayeAquitaine
45%
ApyreneEpernayChampagne Ardennes
45%
SandinisteSaint DenisIle de France
45%
TranspercaCarpentrasPACA
42%
ChaulaientChateaulinBretagne
42%
PrivonsProvinsIle de France
42%
RangeantArgentanBasse Normandie
39%
BigleronsBrignolesPACA
39%
FloconnesConfolensPoitou-Charentes
39%
NavréesSaverneAlsace
39%
SacretsCastresMidi Pyrénées
37%
IndaguassentSaint GaudensMidi Pyrénées
37%
PriseraientSaint PierreDOM TOM Indienne
37%
MeprisaPamiersMidi Pyrénées
34%
TransigionsSaint GironsMidi Pyrénées
34%
ObstinaientSaint BenoîtDOM TOM Indienne
32%
NoyantAntonyIle de France
29%
TisserIstresPACA
29%
EcranNéracAquitaine
29%
PipoteraientPointe a PitreDOM TOM Antilles
26%
RepentiraisSaint PierreDOM TOM Antilles
26%
TrianguléeArgenteuilIle de France
24%
MargotinsMontargisCentre Val de Loire
24%
RomantiseSaint OmerNord Pas de Calais
24%
HarcelatLa ChâtreCentre Val de Loire
21%
LitraientLa TrinitéDOM TOM Antilles
18%
MineralLe MarinDOM TOM Antilles
18%
SegregrationsSaint GeorgesDOM TOM Amérique Sud
18%
RégleraientLargentièreRhône-Alpes
16%

Distribution des résultats

Percentile par nombre de réponses

% des personnes avec chaque résultat

Votre développement - résultats

Vous n’avez pas pris ce quiz